000 00448nam a2200145Ia 4500
008 230917s9999||||xx |||||||||||||| ||und||
040 _e30138
_aMAIN
041 _aEnglish
082 _a339.2 I2N
100 _aIndia, Ministry of planning and programme implementation
245 0 _aDepartment of statistics, Central statistical organisation
260 _aNew Delhi
_bCentral Statistical Organisation
_c1998
300 _axlix, 236 p.
942 _cBK
999 _c80829
_d80829